Fibra en el lazo del abonado (FITL) y desarrollo de una red experimental

保存先:
書誌詳細
第一著者: Morales Porras, Jose Maria
その他の著者: Vega Arias, Gerson
フォーマット: 図書
出版事項: San José, C.R 1996
主題:
タグ: タグ追加
タグなし, このレコードへの初めてのタグを付けませんか!

MARC

LEADER 00000nam a2200000Ia 4500
003 008047
005 20221231144237.0
008 140114s1996 cr a m 000 ||s d
040 |c cru CEDI  
090 |a TFG 3535 
100 |a Morales Porras, Jose Maria  |9 5691 
245 |a Fibra en el lazo del abonado (FITL) y desarrollo de una red experimental  
260 |c 1996  |a  San José, C.R 
300 |a  xi, 51, xxi hojas : ilustraciones  
500 |a  Proyecto de graduación (bachillerato en ingeniería eléctrica)--Universidad de Costa Rica. Facultad de Ingeniería. Escuela de Ingeniería Eléctrica 
650 |x REDES DE TELECOMUNICACIONES   |x SISTEMAS DE TRANSMISION DE DATOS   |x REDES DE COMPUTADORAS  |9 9803 
700 |9 9802  |a Vega Arias, Gerson 
942 |c TFG 
999 |c 18971  |d 18971